Transistors and Crystal Diodes (Record no. 193543)
[ view plain ]
| 000 -LEADER | |
|---|---|
| fixed length control field | 01025 a2200169 4500 |
| 003 - CONTROL NUMBER IDENTIFIER | |
| control field | Nust |
| 005 - DATE AND TIME OF LATEST TRANSACTION | |
| control field | 20221202182908.0 |
| 040 ## - CATALOGING SOURCE | |
| Transcribing agency | Nust |
| 082 ## - DEWEY DECIMAL CLASSIFICATION NUMBER | |
| Classification number | 621.381528,BET |
| 100 ## - MAIN ENTRY--PERSONAL NAME | |
| Personal name | Bettridge,B.R |
| 9 (RLIN) | 104056 |
| 245 ## - TITLE STATEMENT | |
| Title | Transistors and Crystal Diodes |
| Statement of responsibility, etc. | What They Are and How to USE Them / |
| Remainder of title | B.R Bettridge, |
| 260 ## - PUBLICATION, DISTRIBUTION, ETC. | |
| Place of publication, distribution, etc. | London, |
| Name of publisher, distributor, etc. | Norman |
| Date of publication, distribution, etc. | 1954 |
| 300 ## - PHYSICAL DESCRIPTION | |
| Extent | 71p |
| 505 ## - FORMATTED CONTENTS NOTE | |
| Formatted contents note | Semiconductors (Page-11), Crystal Diodes And How They Work (Page-14), Transistors And How They Work (Page-20), Germanium Diodes In Tv Circuits (Page-24), Miscellaneous Circuits For Germanium Diodes (Page-28), Transistor Circuitry (Page-33), Practical Radio Circuits For Point Contact Transistors (Page-39), Miscellaneous Point Contact Transistor Circuits (Page-46), Junction Transistor Characteristics (Page-49), Junction Transistor Circuits (Page-52), Testing Of Diodes And Transistors (Page-58), The Transistor And Its Equivalent Network (Page-62), What Does The Future Hold (Page-68). |
| 650 ## - SUBJECT ADDED ENTRY--TOPICAL TERM | |
| Topical term or geographic name entry element | Telecommunication Engineering |
| 942 ## - ADDED ENTRY ELEMENTS (KOHA) | |
| Source of classification or shelving scheme | |
| Koha item type | Book |
| Withdrawn status | Lost status | Source of classification or shelving scheme | Damaged status | Not for loan | Permanent Location | Current Location | Shelving location | Date acquired | Full call number | Barcode | Date last seen | Price effective from | Koha item type | Public note |
|---|---|---|---|---|---|---|---|---|---|---|---|---|---|---|
| Military College of Signals (MCS) | Military College of Signals (MCS) | General Stacks | 12/12/2016 | 621.381528,BET | MCS7386 | 12/08/2016 | 12/12/2016 | Book | Almirah No.34, Shelf No.1 |
